|
|
|
|
| LEADER |
00740nta a2200181 i 4500 |
| 001 |
dipl109635 |
| 005 |
20210324094126.0 |
| 008 |
210318s2020 hu om 0|| zxx d |
| 040 |
|
|
|a SZTE Diploma Repozitórium
|b hun
|
| 041 |
|
|
|a zxx
|
| 100 |
1 |
|
|a Fülöp Réka
|
| 245 |
1 |
0 |
|a Hajdúszoboszló-Árkoshalom honfoglalás és kora Árpád-kori temető vizsgálata
|h [elektronikus dokumentum] /
|c Réka Fülöp
|
| 246 |
1 |
0 |
|a Examination of a 10th-11th century cemetery from Hajdúszoboszló-Árkoshalom
|h [elektronikus dokumentum]
|
| 260 |
|
|
|c 2020
|
| 650 |
|
4 |
|a Bölcsészettudományok
|
| 650 |
|
4 |
|a Medieval archaeology
|
| 700 |
1 |
|
|a Révész László
|e ths
|
| 856 |
4 |
0 |
|u http://diploma.bibl.u-szeged.hu/id/eprint/109635/1/2020_fulop_reka.pdf
|z Dokumentum-elérés
|